Most Popular Colors on Country Flags - Statistics

General Stats
  • This quiz has been taken 5,576 times
  • The average score is 6 of 6
Answer Stats
Flag count Color % Correct
148 Red
100%
102 Blue
99%
140 White
98%
87 Green
97%
89 Yellow/Gold
96%
59 Black
92%
No matching quizzes found
Score Distribution
Percent of People with Each Score
Percentile by Number Answered
Your Score History
You have not taken this quiz